| 000 | 00657nam a2200205Ia 4500 | ||
|---|---|---|---|
| 003 | OSt | ||
| 005 | 20230704114934.0 | ||
| 008 | 210423s9999 xx 000 0 und d | ||
| 040 | _cAL | ||
| 041 | _aeng | ||
| 082 |
_a305.4 _223 _bGEOF |
||
| 100 |
_aGEORGE (Sabu M);PHAVALAM (P) _9113222 |
||
| 245 | _aFemale feticide in tamilnadu: report of the state level consultation at chennai | ||
| 260 |
_bSociety for Integrated Rural Development _c2021 |
||
| 365 | _cINR | ||
| 650 |
_aSociology _9113223 |
||
| 650 |
_aWomen Studies _9113224 |
||
| 906 | _aat ; chennai ; consultation ; Female ; feticide ; level ; report ; state ; tamilnadu: | ||
| 942 |
_2ddc _cBK |
||
| 999 |
_c173039 _d173039 |
||